| 000 | 01068nam a2200217Ia 4500 | ||
|---|---|---|---|
| 008 | 0000001999 fr ad 0000000000fre00 | ||
| 090 | _aPSZ00 K17k | ||
| 245 | 1 | 0 | _aKarl Gerstner chez Denise René |
| 300 |
_a[28] p. _c/ 27 cm. |
||
| 500 | _aExposición realizada en Galerie Denise René, Rive gauche, noviembre 6 diciembre 2, 1999; Galerie Denise René, Espace Marais,1999 \ Incluye datos biográficos del artista \ Donación Fundación Cisneros, Caracas, Venezuela, 2010 \ Proyecto Ganador Programa Apoyos Concertados FGAA 2010 | ||
| 505 | _aOBRAS : Syncromie L'eXcentrum fongentiel Carro 64 do it yourself Métachromes Color fractal AlgoRhythm Color sound Color form Color lines Tableau structure | ||
| 600 | 0 | 0 |
_aGERSTNER, KARL, 1930/ _xTRABAJOS PICTORICOS |
| 650 | 1 | 4 | _aARTE CONTEMPORANEO SUIZO |
| 650 | 1 | 4 | _aARTISTAS PLASTICOS SUIZOS |
| 650 | 1 | 4 | _xCATALOGOS |
| 650 | 1 | 4 | _aCOLOR EN EL ARTE |
| 650 | 1 | 4 | _xEXPOSICIONES |
| 650 | 1 | 4 | _aPINTORES SUIZOS |
| 650 | 1 | 4 | _aPINTURA SUIZA |
| 999 |
_c12628 _d12628 |
||
| 260 |
_aParis : Galerie Denise René _c1999 |
||